Conceito, evolucão e filosofia da História (Record no. 43786)
[ view plain ]
| 000 -Etiqueta do registo | |
|---|---|
| Valores | 00481cam a2200181 4500 |
| 100 ## - Dados gerais de processamento | |
| Dados gerais | 19931102d1942 km y0pory5003 ba |
| 101 1# - Língua de publicação | |
| Língua | por |
| 102 ## - País de publicação | |
| País | PT |
| 200 1# - Titulo e menção de responsabilidade | |
| Título próprio | Conceito, evolucão e filosofia da História |
| Primeira menção de responsabilidade | Zacarias Garcia Villada |
| 210 #9 - Publicação | |
| Local de publicação | Lisboa |
| Nome do editor | Livraria Clássica |
| Data de publicação | 1942 |
| 215 ## - Descrição física | |
| Paginação / Volumes | 70 , [1]p. |
| Dimensões | 19 cm |
| 225 2# - Colecção | |
| Título próprio da colecção | Gládio |
| Indicação de volume | 3 |
| 675 ## - CDU | |
| Notação | 930 |
| 700 #1 - Autor principal | |
| Apelido | García Villada, |
| Nome | Zacarías, |
| Datas | 1879-1936 |
| 801 #0 - Fonte de origem | |
| País | PT |
| Agência | BN |
| Regras de catalogação | RPC |
| 990 ## - Elementos KOHA | |
| Tipo de documento | Livro |
| Aquisição | Empréstimo | Código de barras | Cota | Permissão de empréstimo | Tipo de documento | Nota relativa ao exemplar |
|---|---|---|---|---|---|---|
| Biblioteca Municipal de Redondo | Biblioteca Municipal de Redondo | 051475 | 930 VIL | Livro | Obra contém carimbo de posse de A. Pires Ferreira de Carvalho |